Bản sắc văn hóa doanh nghiệp

Gorde:
Xehetasun bibliografikoak
Egile nagusia: Maister, David H.
Formatua: Liburua
Hizkuntza:Undetermined
Argitaratua: Hà Nội Thống Kê 2005
Gaiak:
Etiketak: Etiketa erantsi
Etiketarik gabe, Izan zaitez lehena erregistro honi etiketa jartzen!
Thư viện lưu trữ: Trung tâm Học liệu Trường Đại học Cần Thơ
LEADER 00570nam a2200193Ia 4500
001 CTU_74190
008 210402s9999 xx 000 0 und d
020 |b 35000 
082 |a 658.4 
082 |b M231 
100 |a Maister, David H. 
245 0 |a Bản sắc văn hóa doanh nghiệp 
245 0 |c David H. Maister ; Lưu Văn Hy (dịch) 
260 |a Hà Nội 
260 |b Thống Kê 
260 |c 2005 
650 |a Business intelligence,Managerial economics 
904 |i Năm, Qhieu 
980 |a Trung tâm Học liệu Trường Đại học Cần Thơ